| 000 | 00679nam a2200217 i 4500 | ||
|---|---|---|---|
| 001 | 66129 | ||
| 003 | ES-MaACL | ||
| 005 | 20250910213142.0 | ||
| 007 | t| | ||
| 008 | 040127s1973 sp ||||1| cat d | ||
| 100 | 1 |
_aGaçull, Jaime. _953180 |
|
| 245 | 1 | 3 |
_aLa vida de Santa Magdalena en Cobbles _b: (Valencia, 1505) / _cJaume Gaçull ; nota preliminar i transcripció de Joan Fuster. |
| 250 | _aEd. facs. | ||
| 260 |
_aValencia : _b[s.n.], _c1973. |
||
| 300 |
_ab4-s4 h., 62 lám. ; _c26 cm. |
||
| 655 | 7 |
_2tgfbne _9226495 _aFacsímiles |
|
| 700 | 1 |
_aFuster, Joan, _d1922-1992 _9163689 |
|
| 852 |
_aES-MaACL _jC-55417 _bR.88167 |
||
| 942 | _2udc | ||
| 999 |
_c66129 _d66129 |
||